000 01038nam a2200277 i 4500
003 EG-GICUC
005 20260421105639.0
008 260421s1968 nyu||||fr|||| 00| 0 eng d
040 _aEG-GiCUC
_beng
_cEG-GiCUC
_dEG-GiCUC
_eRda
082 0 4 _221
_a341.23
_bUN . N
092 0 4 _221
099 _aLaw1 11 341.23 UN . N 1968
110 _aUnited Nations
_eAuthor.
245 _aThe Nations Speak 1968:
_bA Summary Of Policy Statements On The World Situation During The General Debate At The Twenty-Third Session Of The General Assembly Of The United Nations/
_cUnited Nations.
264 1 _aNew York :
_bOffice Of Public Information - United Nations,
_c1968 .
300 _a131 Pages ;
_c24 cm.
336 _2rda contenu
_a texte
337 _2rda medias
_aOrdinateur
338 _2 transporteur rda
_a Ressource en ligne
546 _aText in English
650 _aPublic International Law
650 _aUnited Nations
856 4 0 _uhttps://fll.law.cu.edu.eg/fulltext/bks/B11-10029.pdf
905 _a59
942 _2ddc
_n0
_cBK
_e21
999 _c72529
_d72529